000 00347pab a2200157 454500
008 180718b1987 xxu||||| |||| 00| 0 eng d
100 _aSinha, Taraatap Kisore
245 _aEthics in advertising
260 _c1987
300 _a6-7
362 _aMay-June
650 _a Tribe
650 _aAdvertisingstem
773 _aVidura
909 _a3312
999 _c3312
_d3312